Cytology and Cytogenetics (Record no. 21728)

MARC details
000 -LEADER
fixed length control field 00355nam a2200145Ia 4500
008 - FIXED-LENGTH DATA ELEMENTS--GENERAL INFORMATION
fixed length control field 211109s9999||||xx |||||||||||||| ||und||
082 ## - DEWEY DECIMAL CLASSIFICATION NUMBER
Classification number 571.6
Item number SWA-C
100 ## - MAIN ENTRY--PERSONAL NAME
Personal name Swanson, Carl P
245 #0 - TITLE STATEMENT
Title Cytology and Cytogenetics
260 ## - PUBLICATION, DISTRIBUTION, ETC.
Name of publisher, distributor, etc. Mcmillan
Place of publication, distribution, etc. London
Date of publication, distribution, etc. 1957
300 ## - PHYSICAL DESCRIPTION
Extent 596p.
630 ## - SUBJECT ADDED ENTRY--UNIFORM TITLE
General subdivision General Stack
650 ## - SUBJECT ADDED ENTRY--TOPICAL TERM
Topical term or geographic name entry element Science
942 ## - ADDED ENTRY ELEMENTS (KOHA)
Koha item type BOOK
650 ## - SUBJECT ADDED ENTRY--TOPICAL TERM
General subdivision Botany
Holdings
Withdrawn status Lost status Damaged status Not for loan Home library Current library Date acquired Cost, normal purchase price Total Checkouts Full call number Barcode Shelving location Date last seen Price effective from Koha item type
        SB LIBRARY SB LIBRARY 09/11/2021 150.00   571.6 SWA-C 00022458 GENERAL STACK 09/11/2021 09/11/2021 BOOK

Powered by Koha